|
|
|
|
| LEADER |
00000nab a2200000 ar4500 |
| 001 |
vtls008775190 |
| 003 |
SK-MaSNL |
| 005 |
20260319071118.0 |
| 008 |
060621c2006 xo |||||||| |000 b|hun |
| 015 |
|
|
|a SNBRB2006/06
|2 snkbucl
|
| 038 |
|
|
|a SNKBUCL
|
| 040 |
|
|
|a DSZK
|b slo
|c DSZK
|e AACR2
|
| 041 |
0 |
|
|a hun
|
| 044 |
|
|
|a xo
|c SK
|
| 080 |
|
|
|a 821.511.141 (437.6)-4=511.141
|2 1997
|
| 100 |
1 |
|
|a Tőzsér, Árpád,
|d 1935-
|4 aut
|9 89438
|
| 245 |
1 |
0 |
|a Kibillenő realizmus
|c Tőzsér Árpád
|
| 650 |
0 |
7 |
|a eseje, maďarské
|2 snkbucl
|9 582855
|
| 773 |
0 |
|
|t Irodalmi szemle
|g Évf. XLIX, sz. 6 (2006), o. 82-84
|x 1336-5088
|
| 852 |
|
|
|a SNK
|b KIS3GCP
|
| 852 |
|
|
|a DSZK
|b KIS3GCP
|
| 958 |
|
|
|a HU
|
| 958 |
|
|
|a SK
|
| 958 |
|
|
|a LX
|
| 999 |
|
|
|c 1739739
|d 1741669
|